|
|
|
|
| LEADER |
00000nam a22000007a 4500 |
| 005 |
20150731143015.0 |
| 007 |
cr|||| |||| |
| 008 |
150731s2014 mx |||||s|||| 00||0 spa d |
| 020 |
|
|
|a 978-607-16-1858-0
|
| 035 |
|
|
|a 12789
|
| 040 |
|
|
|a vLex
|
| 090 |
|
|
|c 5492
|d 5492
|
| 100 |
1 |
|
|a Amiel, Philippe
|
| 245 |
1 |
4 |
|a Del hombre como conejillo de Indias
|h [Recurso electrn̤ico] :
|b El derecho a experimentar en seres humanos /
|c Philippe Amiel
|
| 256 |
|
|
|a Servicio en ln̕ea
|
| 260 |
|
|
|a Mx̌ico D.F.:
|b Fondo de Cultura Econm̤ica,
|c 2014
|
| 300 |
|
|
|a 1 recurso electrn̤ico
|
| 506 |
1 |
|
|a Contenido disponible en los productos indicados
|d vLex Global
|d vLex Global (Academic Edition, excluding Law Schools)
|d vLex Global (U.S. Academic Edition, Law Schools)
|d vLex Global (U.S. Academic Edition, excluding Law Schools)
|d vLex Global (Academic Edition, Law Schools)
|
| 650 |
4 |
0 |
|a Derechos humanos
|z Mx̌ico
|
| 650 |
4 |
0 |
|a Experimentacin̤ humana en medicina
|z Mx̌ico
|
| 740 |
0 |
|
|a vLex Libros (Servicio en ln̕ea)
|
| 856 |
4 |
0 |
|u http://vlex.com/source/hombre-conejillo-indias-derecho-experimentar-seres-humanos-12789
|z Acceso restringido
|
| 942 |
|
|
|c BOOK
|
| 999 |
0 |
|
|a Human rights
|
| 999 |
0 |
|
|a Human experimentation in medicine
|